00571nam a2200169 a 450000100100000000500170001000800410002702000150006804000250008308200140010810000230012224000580014524500760020326000570027930000370033650000280037300003553120200930074418.0111103s1992 sp d 000 0 spa d a8479780118 aDO-SdBNPbspacBNPHU axxxbL6651 aLevionnois, Michel10aMarketing interne et management des hommeslespañol10aMarketing interno y gestión de recursos humanos /cMichel Levionnois. aMadrid, España :bEdiciones Diaz de Santos,c1992. axiv, 145 p. :bdiagrs. ;c22 cm. aTraducido del francés